[Event "Politiken Cup 2007"]
[Site "Helsingor"]
[Date "2007.07.22"]
[Round "3.122"]
[White "Traustason, Ingi Tandri"]
[Black "Ryberg, Denis"]
[Result "0-1"]
[WhiteElo "1782"]
[BlackElo "1410"]
[PlyCount "152"]
[EventDate "2007.??.??"]

1. d4 Nf6 2. c4 e6 3. Nc3 Bb4 4. f3 d5 5. a3 Bxc3+ 6. bxc3 O-O 7. Bg5 h6 8. Bh4
c6 9. e3 Nbd7 10. Bd3 Re8 11. Ne2 e5 12. e4 dxe4 13. fxe4 exd4 14. O-O dxc3 15.
Nxc3 Qb6+ 16. Bf2 Qc7 17. Re1 Ne5 18. Be2 Bg4 19. h3 Bxe2 20. Qxe2 b6 21. Bg3
Qe7 22. Bf2 Rad8 23. a4 Nd3 24. Rf1 Nxf2 25. Qxf2 Qe5 26. Rac1 Qd4 27. c5 bxc5
28. Kh1 Rd7 29. Qc2 Nxe4 30. Nxe4 Qxe4 31. Qxc5 Qxa4 32. Qxc6 Qxc6 33. Rxc6 Ra8
34. Ra6 Kf8 35. Re1 Re7 36. Rd1 Ke8 37. Rd3 Re6 38. Ra5 a6 39. Rg3 g6 40. Rb3
Ke7 41. Rb7+ Kf6 42. Ra3 Kg7 43. Rf3 Rf6 44. Ra3 Rf5 45. Rb6 a5 46. Ra4 g5 47.
g3 f6 48. Kg2 Kg6 49. Rb7 h5 50. Rb2 Rc5 51. Kf3 Re5 52. Rba2 f5 53. g4 Rc5 54.
gxf5+ Kxf5 55. Kg3 Rb5 56. R2a3 Kg6 57. Ra2 Kf6 58. R2a3 Kg6 59. Ra2 h4+ 60.
Kg2 Kh5 61. Kh2 Rc5 62. Kg2 Kg6 63. Kh2 Kf6 64. Kg2 Kg6 65. Kh2 Kf6 66. Kg2 Ke6
67. R2a3 Kd6 68. Kf3 Kc6 69. Kg4 Kb5 70. Re4 a4 71. Ree3 Kb4 72. Red3 Raa5 73.
Re3 Rc4+ 74. Kf3 Rf5+ 75. Ke2 Rff4 76. Rad3 Rfe4 0-1

[Event "Politiken Cup 2007"]
[Site "Helsingor"]
[Date "2007.07.22"]
[Round "3.123"]
[White "Lie, Terje"]
[Black "Larsen, Alex"]
[Result "1-0"]
[WhiteElo "1772"]
[BlackElo "1336"]
[PlyCount "113"]
[EventDate "2007.??.??"]

1. d4 Nf6 2. c4 b6 3. Nc3 Bb7 4. f3 e6 5. a3 Be7 6. e4 d6 7. Be3 Nbd7 8. Bd3
Nf8 9. Nge2 e5 10. O-O Ng6 11. Qa4+ Qd7 12. b4 Qxa4 13. Nxa4 O-O 14. Rac1 Bc6
15. Nb2 Bd7 16. d5 c5 17. dxc6 Bxc6 18. Rfd1 Bd7 19. Bc2 b5 20. Bd3 a6 21. Nc3
Rab8 22. Nd5 Bd8 23. Be2 Ne8 24. c5 Ne7 25. Nxe7+ Bxe7 26. Nd3 Be6 27. cxd6
Bxd6 28. Nc5 Be7 29. Nd7 Bxd7 30. Rxd7 Bd8 31. Bc5 Bb6 32. Bxb6 Rxb6 33. Rd8
Nd6 34. Rd7 g6 35. Kf2 Kg7 36. Ke3 Kh6 37. f4 exf4+ 38. Kxf4 g5+ 39. Kf3 f5 40.
e5 g4+ 41. Kf4 Nf7 42. Rcc7 Ng5 43. Rd6+ Rxd6 44. exd6 Ne6+ 45. Ke5 Nxc7 46.
dxc7 Rc8 47. Kd6 Kg5 48. Kd7 Rxc7+ 49. Kxc7 Kf4 50. Bd3 h5 51. Kb6 Ke5 52. Kxa6
h4 53. Bxb5 g3 54. hxg3 hxg3 55. Bc6 f4 56. Kb5 f3 57. Bxf3 1-0

[Event "Politiken Cup 2007"]
[Site "Helsingor"]
[Date "2007.07.22"]
[Round "3.124"]
[White "Pallesen, Jørn"]
[Black "Almasy, Alexander"]
[Result "0-1"]
[WhiteElo "1462"]
[BlackElo "1752"]
[PlyCount "56"]
[EventDate "2007.??.??"]

1. e4 c5 2. Nf3 d6 3. Nc3 Nf6 4. d4 cxd4 5. Nxd4 a6 6. Be2 e6 7. Be3 b5 8. f3
Bb7 9. O-O Be7 10. Qd2 Nbd7 11. a4 b4 12. Nd1 d5 13. exd5 Nxd5 14. Bf2 Bd6 15.
Kh1 Bf4 16. Qe1 Qg5 17. Bh4 Qh6 18. Bg3 Bd2 19. Qf2 Ne3 20. Rg1 Nf6 21. Nb5 O-O
22. Nd6 Bd5 23. Bd3 Nh5 24. Ne4 Nxd1 25. Rgxd1 Be3 26. Qe1 f5 27. Nd2 Nxg3+ 28.
Qxg3 Bxd2 0-1

[Event "Politiken Cup 2007"]
[Site "Helsingor"]
[Date "2007.07.22"]
[Round "3.125"]
[White "Hirneise, Lothar"]
[Black "Nielsen, Martin Skovso"]
[Result "1/2-1/2"]
[WhiteElo "1450"]
[BlackElo "1735"]
[PlyCount "125"]
[EventDate "2007.??.??"]

1. d4 d5 2. c4 e6 3. Nc3 Nf6 4. cxd5 exd5 5. Bg5 Be7 6. e3 c6 7. Bd3 Be6 8. Qc2
Nbd7 9. Nf3 h6 10. Bf4 Rc8 11. h3 a6 12. g4 c5 13. Ke2 g6 14. Kd2 b5 15. g5
Ne4+ 16. Nxe4 dxe4 17. Bxe4 cxd4 18. Qd1 dxe3+ 19. Kxe3 hxg5 20. Be5 Rxh3 21.
Bd4 Bd6 22. Rxh3 Bf4+ 23. Ke2 Bxh3 24. Qd3 g4 25. Ng1 f5 26. Nxh3 gxh3 27. Bxf5
gxf5 28. Qxf5 Qg5 29. Qxh3 Rc2+ 30. Kf1 Qh6 31. Re1+ Kd8 32. Qg2 Qc6 33. Qxc6
Rxc6 34. Bc3 Nc5 35. Rd1+ Rd6 36. Rxd6+ Bxd6 37. Ke2 Kd7 38. Ke3 Ke6 39. Bd2
Kd5 40. Bc3 Ne6 41. Bd2 Bf4+ 42. Kd3 Bxd2 43. Kxd2 Kd4 44. Kc2 a5 45. Kd2 Ke4
46. Kc3 Kd5 47. Kd3 Nc5+ 48. Kd2 Kd4 49. Kc2 Nd3 50. Kb3 Nxf2 51. Kc2 Nd3 52.
Kb1 a4 53. Kc2 Nb4+ 54. Kb1 Kd3 55. a3 Kc4 56. axb4 Kxb4 57. Kc1 Kb3 58. Kb1 b4
59. Ka1 a3 60. Kb1 Ka4 61. Ka1 Kb5 62. bxa3 b3 63. Kb1 1/2-1/2

[Event "Politiken Cup 2007"]
[Site "Helsingor"]
[Date "2007.07.22"]
[Round "3.126"]
[White "Jorgensen, Orla Eilegaard"]
[Black "Edwardsson, Hannu Kalervo"]
[Result "1-0"]
[WhiteElo "1731"]
[BlackElo "1300"]
[PlyCount "39"]
[EventDate "2007.??.??"]

1. f4 e6 2. b3 Nf6 3. Bb2 Be7 4. Nf3 O-O 5. e3 d6 6. d3 Bd7 7. Nbd2 h6 8. Qe2
c5 9. c4 Bc6 10. O-O-O Nbd7 11. g4 Nh7 12. e4 f6 13. h4 b5 14. Bh3 e5 15. g5
fxg5 16. hxg5 h5 17. Be6+ Kh8 18. Rxh5 g6 19. Rxh7+ Kxh7 20. Qh2+ 1-0

[Event "Politiken Cup 2007"]
[Site "Helsingor"]
[Date "2007.07.22"]
[Round "3.127"]
[White "Gasenova, Ulker"]
[Black "Wilhelm, Holger"]
[Result "1-0"]
[WhiteElo "1400"]
[BlackElo "1690"]
[PlyCount "59"]
[EventDate "2007.??.??"]

1. e4 e6 2. d4 d5 3. Nc3 Nf6 4. e5 Nfd7 5. Nf3 c5 6. Bb5 Nc6 7. Be3 Qb6 8. a4
a6 9. a5 Qc7 10. Be2 cxd4 11. Bxd4 Ndxe5 12. O-O Nxf3+ 13. Bxf3 Nxa5 14. Qe2
Nc6 15. Nxd5 Qd8 16. Bb6 Qg5 17. Nc7+ Ke7 18. Nxa8 Bd7 19. Nc7 h5 20. Nd5+ Ke8
21. Be3 Qg6 22. Nf4 Qf6 23. Qd3 Ne5 24. Qe2 Bb5 25. Nd3 Qh4 26. Bf4 Bxd3 27.
Qxe5 Bxf1 28. Qb8+ Ke7 29. Bd6+ Kf6 30. Qd8+ 1-0

[Event "Politiken Cup 2007"]
[Site "Helsingor"]
[Date "2007.07.22"]
[Round "3.128"]
[White "Clausen, HansJørgen"]
[Black "Braüner, Jonathan"]
[Result "1-0"]
[WhiteElo "1667"]
[BlackElo "1284"]
[PlyCount "103"]
[EventDate "2007.??.??"]

1. d4 d5 2. Nf3 Nc6 3. e3 Bg4 4. c4 e6 5. c5 Nf6 6. Bb5 Be7 7. Bxc6+ bxc6 8.
Qa4 O-O 9. Ne5 Bf5 10. O-O Ng4 11. Nxc6 Qd7 12. Nxe7+ Qxe7 13. Nd2 Qf6 14. Nf3
Be4 15. Qd1 e5 16. h3 Bxf3 17. Qxf3 Qxf3 18. gxf3 Nf6 19. dxe5 Nd7 20. f4 Nxc5
21. b3 Rfc8 22. Bb2 a5 23. Rfd1 c6 24. Bd4 Ne6 25. Rac1 a4 26. b4 Kf8 27. a3 h6
28. Bc5+ Kg8 29. Kg2 Kh7 30. f3 Kg6 31. Kf2 Rab8 32. Kg3 Rb5 33. Bd6 h5 34. Rd3
Kh6 35. f5 Nd8 36. h4 Nb7 37. Rdc3 Rb6 38. Bc5 Ra6 39. Bd4 c5 40. Bxc5 Rac6 41.
e4 Nxc5 42. Rxc5 Rxc5 43. Rxc5 Rg8 44. exd5 g5 45. Rc6+ Kh7 46. Rc7 gxh4+ 47.
Kxh4 Kg7 48. Kxh5 Rd8 49. d6 Kf8 50. Kg5 Kg7 51. f6+ Kf8 52. d7 1-0

[Event "Politiken Cup 2007"]
[Site "Helsingor"]
[Date "2007.07.22"]
[Round "3.129"]
[White "Larsen, Bjarke"]
[Black "Christiansen, Torsten Sundgaard"]
[Result "0-1"]
[WhiteElo "1395"]
[BlackElo "1658"]
[PlyCount "44"]
[EventDate "2007.??.??"]

1. e4 d6 2. d4 f5 3. f3 e5 4. dxe5 fxe4 5. Be3 exf3 6. Nxf3 Nc6 7. Bc4 Nge7 8.
O-O d5 9. Bb3 Be6 10. Ng5 Qd7 11. Nc3 Nxe5 12. Nxe6 Qxe6 13. Nxd5 O-O-O 14.
Nb6+ Qxb6 15. Bxb6 Rxd1 16. Raxd1 cxb6 17. Be6+ Kc7 18. Rfe1 N7c6 19. Rd5 Bc5+
20. Kh1 Re8 21. Bf5 g6 22. Bh3 Re7 0-1

[Event "Politiken Cup 2007"]
[Site "Helsingor"]
[Date "2007.07.22"]
[Round "3.130"]
[White "Rostgaard, Tobias Valentin"]
[Black "Kristensen, Steffen Michael"]
[Result "1-0"]
[WhiteElo "1656"]
[BlackElo "1250"]
[PlyCount "33"]
[EventDate "2007.??.??"]

1. e4 d5 2. exd5 Qxd5 3. Nc3 Qa5 4. d4 Bf5 5. Bd2 c6 6. Bc4 e6 7. Nf3 Qc7 8.
O-O Nf6 9. Qe2 Be7 10. Rac1 Nbd7 11. Rfe1 Bg4 12. h3 Bxf3 13. Qxf3 O-O-O 14. d5
Ne5 15. Rxe5 Qxe5 16. Bf4 Qd4 17. dxc6 1-0

[Event "Politiken Cup 2007"]
[Site "Helsingor"]
[Date "2007.07.22"]
[Round "3.131"]
[White "Fjellheim, Marius"]
[Black "Madsen, Tobias Juul"]
[Result "1-0"]
[WhiteElo "1318"]
[BlackElo "1651"]
[PlyCount "43"]
[EventDate "2007.??.??"]

1. d4 Nf6 2. Bg5 e6 3. e4 Be7 4. Nc3 d5 5. e5 Nfd7 6. Bxe7 Qxe7 7. f4 c5 8. Nb5
Nb6 9. Nd6+ Kd7 10. dxc5 Nc6 11. cxb6 axb6 12. Bb5 f6 13. Nf3 Kc7 14. Qe2 Bd7
15. Bxc6 bxc6 16. O-O Bc8 17. Rfc1 Ba6 18. Qd2 h6 19. a4 g5 20. c4 gxf4 21.
cxd5 exd5 22. Qxd5 1-0

[Event "Politiken Cup 2007"]
[Site "Helsingor"]
[Date "2007.07.22"]
[Round "3.132"]
[White "Olafsson, Olafur Junior"]
[Black "Baldursson, Gestur"]
[Result "1/2-1/2"]
[WhiteElo "1300"]
[BlackElo "1625"]
[PlyCount "38"]
[EventDate "2007.??.??"]

1. e4 e5 2. Nf3 Nc6 3. Bc4 Bc5 4. d3 h6 5. Nc3 Nf6 6. O-O d6 7. h3 O-O 8. a3
Nd4 9. Be3 Be6 10. Bxe6 fxe6 11. Bxd4 Bxd4 12. Qd2 a6 13. Nxd4 exd4 14. Ne2 e5
15. f4 c5 16. Ng3 exf4 17. Rxf4 Nh7 18. Raf1 Qd7 19. Qf2 Rxf4 1/2-1/2

[Event "Politiken Cup 2007"]
[Site "Helsingor"]
[Date "2007.07.22"]
[Round "3.133"]
[White "Edakina, Maria"]
[Black "Jeppesen, Asger Sandahl"]
[Result "1/2-1/2"]
[WhiteElo "1281"]
[BlackElo "1607"]
[PlyCount "58"]
[EventDate "2007.??.??"]

1. d4 f5 2. c4 Nf6 3. Nc3 e6 4. g3 Be7 5. Bg2 O-O 6. e3 c6 7. Nge2 Na6 8. b3
Nc7 9. O-O d6 10. d5 cxd5 11. cxd5 e5 12. f3 Bd7 13. e4 fxe4 14. fxe4 b5 15. a3
Qb8 16. Kh1 Qb6 17. Qd3 Ng4 18. Nd1 Rxf1+ 19. Bxf1 Rf8 20. Bg2 a6 21. h3 Nf6
22. Be3 Qb8 23. Rc1 Rc8 24. Ndc3 Na8 25. Qd1 Bd8 26. Na2 a5 27. Kh2 Nb6 28. Rc2
Na8 29. Qd3 Nc7 1/2-1/2

[Event "Politiken Cup 2007"]
[Site "Helsingor"]
[Date "2007.07.22"]
[Round "3.134"]
[White "Moustgaard, Alvin"]
[Black "Lindgaard, Tobias S"]
[Result "1-0"]
[WhiteElo "1607"]
[BlackElo "1244"]
[PlyCount "31"]
[EventDate "2007.??.??"]

1. e4 e5 2. f4 exf4 3. Nf3 Be7 4. Bc4 d6 5. d4 Bh4+ 6. Kf1 h6 7. Bxf4 g5 8. Be3
g4 9. Nxh4 Qxh4 10. Nc3 g3 11. Qf3 gxh2 12. Qxf7+ Kd8 13. Qf8+ Kd7 14. Bxg8 Nc6
15. d5 Ne7 16. Be6# 1-0

[Event "Politiken Cup 2007"]
[Site "Helsingor"]
[Date "2007.07.22"]
[Round "3.135"]
[White "Zmylon, Frederik Nielsen"]
[Black "Mæchel, Michael"]
[Result "0-1"]
[WhiteElo "1174"]
[BlackElo "1605"]
[PlyCount "52"]
[EventDate "2007.??.??"]

1. e4 e5 2. Bc4 Nf6 3. d4 exd4 4. e5 Bb4+ 5. c3 dxc3 6. bxc3 Qe7 7. cxb4 O-O 8.
Nf3 Qxb4+ 9. Nfd2 Re8 10. O-O Rxe5 11. Ba3 Qb6 12. Nf3 Rh5 13. Nc3 Qa5 14. Na4
b5 15. Qe2 bxc4 16. Rfe1 h6 17. Qxc4 Ba6 18. Qb3 Nc6 19. Be7 Rb8 20. Qc2 Nd5
21. Ba3 Ndb4 22. Bxb4 Nxb4 23. Qb1 Qxa4 24. a3 Nc6 25. Qa2 Bc4 26. Qd2 Be6 0-1

[Event "Politiken Cup 2007"]
[Site "Helsingor"]
[Date "2007.07.22"]
[Round "3.136"]
[White "Christensen, Christoffer E"]
[Black "Kristensen, Sacha"]
[Result "1-0"]
[WhiteElo "1581"]
[BlackElo "1241"]
[PlyCount "25"]
[EventDate "2007.??.??"]

1. d4 f5 2. Nf3 Nf6 3. Bf4 e6 4. e3 d5 5. c3 c6 6. Bd3 Be7 7. Nbd2 b5 8. Ne5
Bb7 9. h3 Nbd7 10. g4 fxg4 11. hxg4 Nf8 12. g5 N6d7 13. Qh5+ 1-0

[Event "Politiken Cup 2007"]
[Site "Helsingor"]
[Date "2007.07.22"]
[Round "3.137"]
[White "Brandt, Jan-Erik"]
[Black "Hlynsson, Hugi"]
[Result "0-1"]
[WhiteElo "1000"]
[BlackElo "1560"]
[PlyCount "72"]
[EventDate "2007.??.??"]

1. d4 f5 2. c4 Nf6 3. Nc3 c6 4. Nf3 e6 5. c5 Be7 6. b4 O-O 7. g3 d6 8. Bg2 Qe8
9. e4 fxe4 10. Ng5 d5 11. O-O Bd8 12. Qe2 e5 13. Be3 h6 14. Bh3 Nbd7 15. Ne6
Rf7 16. Nxd8 Qxd8 17. Be6 Qe7 18. Bxf7+ Kxf7 19. f3 exf3 20. Qxf3 e4 21. Qg2
Kg8 22. h3 Nh7 23. Ne2 Ng5 24. Bxg5 Qxg5 25. g4 Nf6 26. Rf4 Be6 27. Raf1 a5 28.
Qg3 axb4 29. h4 Qg6 30. h5 Qg5 31. Qf2 Bxg4 32. Ng3 Bxh5 33. Rxf6 gxf6 34. Qh2
Bf3 35. Qh3 f5 36. Qh5 Qxg3# 0-1

[Event "Politiken Cup 2007"]
[Site "Helsingor"]
[Date "2007.07.22"]
[Round "3.138"]
[White "Clausen, Jørgen"]
[Black "Nielsen, Bjørn"]
[Result "1-0"]
[WhiteElo "1543"]
[BlackElo "1110"]
[PlyCount "97"]
[EventDate "2007.??.??"]

1. d4 d5 2. c4 e6 3. Bf4 dxc4 4. e4 c5 5. d5 exd5 6. exd5 Nf6 7. Bxc4 Bd6 8.
Qe2+ Kf8 9. Bg3 Bxg3 10. fxg3 Nxd5 11. Qf3 Qe7+ 12. Kf2 Nf6 13. Nc3 Nc6 14. Re1
Ng4+ 15. Kf1 Qf6 16. Nd5 Qxf3+ 17. Nxf3 Be6 18. b3 Rc8 19. Kg1 Na5 20. h3 Nxc4
21. bxc4 Nh6 22. Kh2 Nf5 23. Ne5 g6 24. Rhf1 Ne7 25. Nxg6+ hxg6 26. Rxe6 Nxd5
27. cxd5 Rc7 28. Rxg6 Ke7 29. Re1+ Kd7 30. Rf6 Rf8 31. d6 Rcc8 32. Re7+ Kd8 33.
Rxb7 c4 34. d7 Rc7 35. Rb8+ Kxd7 36. Rxf8 Rc5 37. R8xf7+ Ke8 38. Rxa7 c3 39.
Rh6 Rf5 40. Rhh7 Rf7 41. Rh8+ Rf8 42. Ra8+ Kd7 43. Rhxf8 c2 44. Rfc8 Ke6 45.
Ra5 Kf6 46. Rc6+ Ke7 47. Ra7+ Kd8 48. Rg6 c1=Q 49. Rg8# 1-0

[Event "Politiken Cup 2007"]
[Site "Helsingor"]
[Date "2007.07.23"]
[Round "4.2"]
[White "Sargissian, Gabriel"]
[Black "Rasmussen, Allan Stig"]
[Result "1-0"]
[WhiteElo "2667"]
[BlackElo "2450"]
[PlyCount "81"]
[EventDate "2007.??.??"]

1. d4 d5 2. c4 dxc4 3. e4 e5 4. Nf3 exd4 5. Bxc4 Nc6 6. O-O Be6 7. Bb5 Bc5 8.
Nbd2 Nge7 9. Ng5 Qd7 10. Nb3 Bxb3 11. Qxb3 O-O 12. Bc4 Qe8 13. Qxb7 Bb6 14. Qa6
Ne5 15. Bb3 h6 16. Nh3 Qc8 17. Qe2 N7g6 18. Nf4 Kh7 19. Nd5 d3 20. Qe1 Bd4 21.
Kh1 c5 22. f4 c4 23. Bd1 Nc6 24. f5 Nge7 25. f6 Ng6 26. fxg7 Kxg7 27. Ne3 Nce7
28. Nf5+ Nxf5 29. exf5 c3 30. fxg6 d2 31. Bxd2 cxd2 32. Qxd2 Qc5 33. gxf7 Rad8
34. Bb3 Qg5 35. Qc2 Be5 36. Rf2 Rc8 37. Qe2 Bd6 38. Raf1 Qe5 39. Qxe5+ Bxe5 40.
Re2 Bd6 41. g3 1-0

[Event "Politiken Cup 2007"]
[Site "Helsingor"]
[Date "2007.07.23"]
[Round "4.3"]
[White "Antonsen, Mikkel"]
[Black "Krasenkow, Michal"]
[Result "0-1"]
[WhiteElo "2406"]
[BlackElo "2660"]
[PlyCount "88"]
[EventDate "2007.??.??"]

1. d4 f5 2. Nc3 d5 3. Bg5 c6 4. e4 fxe4 5. f3 e3 6. Qd3 Nf6 7. Qxe3 e6 8. f4
Bb4 9. Nf3 O-O 10. a3 Qa5 11. Bd3 Bxc3+ 12. bxc3 Qxc3+ 13. Ke2 Ne4 14. Bxe4
Qxe3+ 15. Kxe3 dxe4 16. Ne5 Nd7 17. Nxd7 Bxd7 18. Be7 Rf5 19. a4 a5 20. g4 Rf7
21. Bc5 b5 22. Kxe4 Be8 23. Rhe1 Rb7 24. f5 exf5+ 25. gxf5 Rf7 26. Bd6 Bd7 27.
Rf1 b4 28. f6 Rxf6 29. Rxf6 gxf6 30. Kf4 Kf7 31. Re1 Be6 32. Bc7 Ke7 33. Rg1
Bf7 34. Rg7 Ke6 35. Ke3 Bg6 36. Kd2 Ra7 37. h4 Bf5 38. h5 h6 39. c4 Rb7 40. Kc1
Be4 41. Kb2 Bf3 42. Rh7 b3 43. c5 Bd5 44. Rg7 Rb4 0-1

[Event "Politiken Cup 2007"]
[Site "Helsingor"]
[Date "2007.07.23"]
[Round "4.4"]
[White "Nielsen, Peter Heine"]
[Black "Bulski, Krzysztof"]
[Result "1-0"]
[WhiteElo "2637"]
[BlackElo "2396"]
[PlyCount "65"]
[EventDate "2007.??.??"]

1. d4 Nf6 2. c4 e6 3. Nf3 c5 4. g3 cxd4 5. Nxd4 Qc7 6. Nc3 a6 7. Bg2 Be7 8. O-O
O-O 9. e4 Nc6 10. Be3 d6 11. Rc1 Nxd4 12. Bxd4 Rb8 13. Qe2 Nd7 14. Rfd1 b6 15.
b3 Bb7 16. Qb2 Bf6 17. Bxf6 Nxf6 18. Rd3 Rfd8 19. Rcd1 Rd7 20. h3 Rbd8 21. Qe2
Bc6 22. a4 Bb7 23. Kh2 Qc5 24. R1d2 Bc6 25. e5 Bxg2 26. exf6 Bc6 27. Qg4 g6 28.
Nd5 exd5 29. Qg5 Kh8 30. cxd5 Bxd5 31. Rxd5 Qc1 32. R5d4 Qc3 33. Qh6 1-0

[Event "Politiken Cup 2007"]
[Site "Helsingor"]
[Date "2007.07.23"]
[Round "4.5"]
[White "Ziska, Helgi Dam"]
[Black "Berg, Emanuel"]
[Result "1/2-1/2"]
[WhiteElo "2408"]
[BlackElo "2580"]
[PlyCount "64"]
[EventDate "2007.??.??"]

1. e4 c5 2. Nf3 d6 3. d4 cxd4 4. Nxd4 Nf6 5. Nc3 a6 6. Bg5 e6 7. f4 Qc7 8. Bxf6
gxf6 9. Qd2 Nc6 10. Be2 h5 11. O-O-O Bd7 12. Rhf1 O-O-O 13. Kb1 Kb8 14. Rf3
Nxd4 15. Qxd4 Be7 16. Rfd3 Rc8 17. Bf3 Qc5 18. a3 f5 19. Qxc5 Rxc5 20. e5 d5
21. h4 Bxh4 22. Rh1 Be7 23. Rxh5 Rxh5 24. Bxh5 Rc4 25. Ne2 Re4 26. Rg3 Bb5 27.
Nc3 Rxf4 28. Nxb5 axb5 29. Bxf7 Re4 30. Bxe6 Rxe5 31. Bd7 b4 32. axb4 Kc7
1/2-1/2

[Event "Politiken Cup 2007"]
[Site "Helsingor"]
[Date "2007.07.23"]
[Round "4.6"]
[White "Agrest, Evgenij"]
[Black "Bae, Torstein"]
[Result "1-0"]
[WhiteElo "2541"]
[BlackElo "2364"]
[PlyCount "159"]
[EventDate "2007.??.??"]

1. Nf3 Nf6 2. c4 g6 3. g3 Bg7 4. Bg2 O-O 5. Nc3 d5 6. cxd5 Nxd5 7. Qb3 Nb6 8.
h4 c5 9. h5 c4 10. Qa3 Nc6 11. hxg6 hxg6 12. b3 e5 13. bxc4 e4 14. Nh4 e3 15.
fxe3 Be5 16. Bxc6 Bxg3+ 17. Kd1 bxc6 18. Nf3 Nxc4 19. Qc5 Be6 20. Ne4 Bc7 21.
Qd4 Qxd4 22. Nxd4 Be5 23. Nxe6 Bxa1 24. Nxf8 Rxf8 25. d4 f5 26. Nc5 Bc3 27. Rh6
Rf6 28. Kc2 Bb4 29. Nd7 Re6 30. Kd3 Nb6 31. Ne5 Kg7 32. Rh1 Be7 33. e4 fxe4+
34. Kxe4 Nd7 35. Kd3 Nxe5+ 36. dxe5 g5 37. Ke4 Kg6 38. Rh8 c5 39. Rc8 Ra6 40.
Rc7 Bf8 41. Rc8 Be7 42. Kd5 Rxa2 43. Ke6 Rxe2 44. Rg8+ Kh5 45. Kxe7 Rxe5+ 46.
Kf6 Rd5 47. Ke6 Rd1 48. Rxg5+ Kh4 49. Bf4 Rd4 50. Ke5 a5 51. Rg8 a4 52. Kf5 Kh3
53. Rg3+ Kh2 54. Kg4 Rb4 55. Rc3+ Kg1 56. Kf3 Rb1 57. Be3+ Kf1 58. Rd3 Ke1 59.
Bf2+ Kf1 60. Rd5 Rb3+ 61. Be3 Ke1 62. Rxc5 Rd3 63. Rc1+ Rd1 64. Rc3 a3 65. Rxa3
Rd7 66. Rc3 Rd8 67. Rc7 Rf8+ 68. Bf4 Rd8 69. Rc3 Rd7 70. Rc8 Rd3+ 71. Ke4 Ra3
72. Be3 Ke2 73. Rc2+ Kd1 74. Rd2+ Ke1 75. Rd8 Ra6 76. Kf3 Rf6+ 77. Bf4 Rf7 78.
Rd6 Rf8 79. Rd7 Rf6 80. Rc7 1-0

[Event "Politiken Cup 2007"]
[Site "Helsingor"]
[Date "2007.07.23"]
[Round "4.7"]
[White "Zude, Erik Dr"]
[Black "De Firmian, Nick E"]
[Result "1/2-1/2"]
[WhiteElo "2399"]
[BlackElo "2540"]
[PlyCount "146"]
[EventDate "2007.??.??"]

1. d4 Nf6 2. c4 e6 3. Nc3 Bb4 4. e3 b6 5. f3 O-O 6. e4 d6 7. Nge2 c5 8. a3
Bxc3+ 9. bxc3 Nc6 10. Ng3 Ba6 11. Bd3 cxd4 12. cxd4 Nxd4 13. Bb2 Nc6 14. f4 Na5
15. Qe2 Rc8 16. e5 dxe5 17. fxe5 Nd7 18. Rd1 Qh4 19. Bb1 Bxc4 20. Qe3 Rfd8 21.
Rd4 Qh6 22. Qxh6 gxh6 23. Ne4 Kf8 24. Nd6 Rc5 25. Rd2 Ba6 26. a4 Nb3 27. Rd1
Nxe5 28. Ba3 Kg8 29. Bxc5 Nxc5 30. Nb5 Rxd1+ 31. Kxd1 Nxa4 32. Nxa7 Kg7 33. Re1
f6 34. Re3 Nc5 35. Rg3+ Kf7 36. Bxh7 f5 37. Bg8+ Kf6 38. h3 h5 39. Bh7 h4 40.
Rg8 Kf7 41. Rb8 Ncd7 42. Rd8 Nf6 43. Bxf5 exf5 44. Ke1 b5 45. Rd6 Bb7 46. Kf1
Nc4 47. Nxb5 Kg6 48. Rd4 Ne3+ 49. Kg1 Nxg2 50. Nd6 Ne1 51. Kf2 Nf3 52. Rd1 Bc6
53. Ke3 Ng5 54. Rg1 Nh5 55. Nf7 Kxf7 56. Rxg5 Ng7 57. Kf4 Bd7 58. Ke5 Be6 59.
Rg1 Nh5 60. Ra1 Nf6 61. Kf4 Ne4 62. Ra8 Kg6 63. Rh8 Ng5 64. Rxh4 Nf7 65. Kg3
Kf6 66. Ra4 Ke5 67. h4 Nd6 68. Ra7 f4+ 69. Kf3 Bd5+ 70. Kg4 Nf5 71. h5 f3 72.
Ra1 f2 73. h6 Nxh6+ 1/2-1/2

[Event "Politiken Cup 2007"]
[Site "Helsingor"]
[Date "2007.07.23"]
[Round "4.8"]
[White "Lie, Kjetil A"]
[Black "Nithander, Victor"]
[Result "1/2-1/2"]
[WhiteElo "2536"]
[BlackElo "2357"]
[PlyCount "117"]
[EventDate "2007.??.??"]

1. e4 d6 2. d4 Nf6 3. Nc3 g6 4. Nf3 Bg7 5. h3 c5 6. dxc5 Qa5 7. Bb5+ Bd7 8.
Bxd7+ Nbxd7 9. cxd6 Nxe4 10. O-O Bxc3 11. bxc3 Nxd6 12. Re1 O-O-O 13. Bf4 Nc5
14. Qd5 f6 15. Rab1 e5 16. Nxe5 Nde4 17. Qc4 fxe5 18. Rxe4 exf4 19. Re5 b6 20.
Rb5 Qa3 21. Rbxc5+ Qxc5 22. Rxc5+ bxc5 23. Qxc5+ Kb8 24. Qb4+ Kc8 25. Qc4+ Kb7
26. Qe4+ Kb6 27. Qb4+ Kc6 28. Qxf4 Rd1+ 29. Kh2 Rhd8 30. Qa4+ Kb7 31. Qb5+ Ka8
32. a4 R1d6 33. Qe5 R8d7 34. g4 Kb7 35. Qb5+ Kc7 36. Qc5+ Kb7 37. a5 a6 38. f4
Rc6 39. Qb4+ Kc8 40. Qe4 Rdc7 41. f5 gxf5 42. gxf5 Kb8 43. Qd4 Rf7 44. Qe5+ Ka7
45. Qe3+ Kb7 46. Qe4 Kc7 47. Qe5+ Kb7 48. Qd5 Rff6 49. Kg3 h6 50. Kf4 Kc7 51.
Qd4 Kc8 52. Qa7 Rxc3 53. Ke5 Rfc6 54. f6 R6c5+ 55. Ke6 Rc6+ 56. Ke5 R6c5+ 57.
Ke6 Rc6+ 58. Kf5 R6c5+ 59. Ke6 1/2-1/2

[Event "Politiken Cup 2007"]
[Site "Helsingor"]
[Date "2007.07.23"]
[Round "4.9"]
[White "Sorensen, Torben"]
[Black "Schandorff, Lars"]
[Result "1/2-1/2"]
[WhiteElo "2375"]
[BlackElo "2521"]
[PlyCount "52"]
[EventDate "2007.??.??"]

1. Nf3 Nf6 2. d4 d5 3. c4 e6 4. g3 dxc4 5. Bg2 Nc6 6. Qa4 Bb4+ 7. Bd2 Bd6 8.
O-O O-O 9. Qxc4 e5 10. dxe5 Nxe5 11. Nxe5 Bxe5 12. Bc3 Bxc3 13. Nxc3 c6 14. Qb4
a5 15. Qc5 Be6 16. Rfd1 Nd7 17. Qd4 Qe7 18. Qd6 Qxd6 19. Rxd6 Nb6 20. b3 Rfd8
21. Rxd8+ Rxd8 22. Kf1 Kf8 23. Ke1 Ra8 24. Rb1 Ra7 25. f4 Ke7 26. Bf3 f6
1/2-1/2

[Event "Politiken Cup 2007"]
[Site "Helsingor"]
[Date "2007.07.23"]
[Round "4.10"]
[White "Bleis, Christian Dr"]
[Black "Holzke, Frank"]
[Result "1/2-1/2"]
[WhiteElo "2246"]
[BlackElo "2489"]
[PlyCount "60"]
[EventDate "2007.??.??"]

1. d4 d5 2. Nf3 Nf6 3. Bf4 c5 4. c3 Qb6 5. Qc2 Nc6 6. e3 cxd4 7. exd4 Bg4 8.
Nbd2 e6 9. Bd3 Bh5 10. Ne5 Nxe5 11. Bxe5 Bg6 12. Qa4+ Nd7 13. Bb5 Qd8 14. Bg3
a6 15. Be2 Be7 16. Qb3 b5 17. a4 b4 18. a5 bxc3 19. bxc3 O-O 20. O-O f5 21. Bf4
Nf6 22. Qb6 Qd7 23. Bxa6 Bd8 24. Qb7 Qxb7 25. Bxb7 Rxa5 26. Nb3 Rxa1 27. Rxa1
Ne4 28. Nc5 Nxc3 29. Nxe6 Re8 30. Nxd8 Ne2+ 1/2-1/2

[Event "Politiken Cup 2007"]
[Site "Helsingor"]
[Date "2007.07.23"]
[Round "4.11"]
[White "Brynell, Stellan"]
[Black "Aabling-Thomsen, Jakob"]
[Result "1-0"]
[WhiteElo "2470"]
[BlackElo "2242"]
[PlyCount "55"]
[EventDate "2007.??.??"]

1. d4 Nf6 2. c4 g6 3. g3 Bg7 4. Bg2 O-O 5. Nf3 d6 6. O-O Nbd7 7. Nc3 e5 8. h3
exd4 9. Nxd4 Re8 10. e4 Nc5 11. Re1 a5 12. Ndb5 Bd7 13. Bf4 Bc6 14. Qc2 Nfd7
15. Rad1 Ne5 16. b3 f5 17. exf5 Nf3+ 18. Bxf3 Bxf3 19. Rxe8+ Qxe8 20. Nxc7 Qc6
21. N3d5 Re8 22. Nxe8 Qxe8 23. f6 Bxd1 24. Qxd1 Bf8 25. Ne7+ Bxe7 26. Qd5+ Kh8
27. fxe7 Qxe7 28. Bxd6 1-0

[Event "Politiken Cup 2007"]
[Site "Helsingor"]
[Date "2007.07.23"]
[Round "4.12"]
[White "Christensen, Bo Garner"]
[Black "Thorhallsson, Throstur"]
[Result "0-1"]
[WhiteElo "2223"]
[BlackElo "2461"]
[PlyCount "84"]
[EventDate "2007.??.??"]

1. e4 c5 2. Nf3 Nc6 3. d4 cxd4 4. Nxd4 Qb6 5. Nb3 Nf6 6. Nc3 e6 7. Be3 Qc7 8.
a3 a6 9. f4 d6 10. Qf3 Be7 11. Bd3 O-O 12. O-O b5 13. Rae1 Rb8 14. Ne2 Re8 15.
g4 Nd7 16. g5 Bf8 17. h4 g6 18. Ng3 Bg7 19. c3 Bb7 20. h5 d5 21. Qf2 dxe4 22.
Bxe4 Ne7 23. hxg6 hxg6 24. Bd4 Nf5 25. Bxf5 exf5 26. Bxg7 Kxg7 27. Nd4 Rh8 28.
Re7 Qd6 29. Qe3 Qd5 30. Kf2 Rh2+ 31. Ke1 Nc5 32. c4 bxc4 33. Qc3 Nd3+ 34. Kd1
Kf8 35. Re2 Rxe2 36. Ngxe2 Bc8 37. b4 Bd7 38. Ne6+ fxe6 39. Qh8+ Ke7 40. Qxb8
Ba4+ 41. Kd2 Nxf4+ 42. Ke1 Qd1+ 0-1